[Event "Gausdal Classics GMA"]
[Site "Gausdal NOR"]
[Date "2008.04.14"]
[Round "7"]
[White "Hole,O"]
[Black "Kotronias,V"]
[Result "1/2-1/2"]
[WhiteElo "2387"]
[BlackElo "2611"]

1.Nf3 Nf6 2.c4 g6 3.Nc3 Bg7 4.e4 d6 5.d4 O-O 6.Be2 e5 7.O-O Na6 8.Be3 c6
9.d5 Ng4 10.Bg5 f6 11.Bh4 c5 12.Ne1 h5 13.Nc2 Nh6 14.f3 Nf7 15.Rb1 Bh6 16.Kh1 Bd7
17.a3 Qe7 18.b4 b6 19.Qd3 Bg5 20.Bg3 h4 21.Bf2 Rfc8 22.Ne3 Nc7 23.g3 hxg3
24.Bxg3 Bf4 25.Rg1 Kh7 26.Bf1 Ne8 27.Ne2 Bxg3 28.hxg3 Ng5 29.Kg2 Ng7 30.Rh1+ Kg8
31.g4 f5 32.gxf5 gxf5 33.Nxf5 Nxf5 34.exf5 Qg7 35.Ng3 cxb4 36.axb4 b5 37.Rh4 Rxc4
38.Rxc4 bxc4 39.Qxc4 e4 40.fxe4 Rc8 41.Qe2 Nh7 42.Qh5 Be8 43.Qh4 Rc2+ 44.Kh1 Qe5
45.Be2 Nf6 46.Rf1 Rb2 47.Qf4 Qxf4 48.Rxf4 Rxb4 49.Kg2 a5 50.Rf3 Kg7 51.Ra3 a4
52.Kf3 Kh6 53.Ke3 Kg5 54.Bd3 Ng4+ 55.Kd2 Ne5 56.Kc3 Rb7 57.Ne2 Rh7 58.Kb4 Rh2
59.Ba6 Bd7 60.Nc3 Rd2 61.Ka5 Rd4 62.Bb5 Nc4+ 63.Bxc4 Rxc4 64.Nxa4 Rxe4 65.Nb6 Bxf5
66.Kb5 Kf4 67.Kc6 Rb4 68.Ra4 Rxa4 69.Nxa4  1/2-1/2

[Event "Mediana"]
[Site "Nis SRB"]
[Date "2008.04.15"]
[Round "5"]
[White "Trajkovic,P"]
[Black "Milchev,N"]
[Result "1/2-1/2"]
[WhiteElo "2458"]
[BlackElo "2415"]

1.d4 Nf6 2.c4 g6 3.Nc3 Bg7 4.e4 d6 5.Nf3 O-O 6.Be2 e5 7.O-O exd4 8.Nxd4 Re8
9.f3 Nc6 10.Be3 Nh5 11.Qd2 Nf4 12.Rfd1 Nxe2+ 13.Ndxe2 Ne5 14.b3 b6 15.Rac1 Bb7
16.Nd5 f6 17.b4 Ba6 18.b5 Bb7 19.Nd4 Qd7 20.Kh1 a5 21.Re1 Rad8 22.f4 Ng4
23.Bg1 h5 24.h3 Nh6 25.Qd3 Qf7 26.f5 gxf5 27.Nxf5 Nxf5 28.exf5 Bxd5 29.cxd5 Re5
30.Rxe5 dxe5  1/2-1/2

[Event "82nd ch-ARG s/f"]
[Site "Buenos Aires ARG"]
[Date "2008.04.17"]
[Round "8"]
[White "Liascovich,L"]
[Black "Flores,Di"]
[Result "1/2-1/2"]
[WhiteElo "2419"]
[BlackElo "2548"]

1.d4 Nf6 2.c4 g6 3.Nc3 Bg7 4.e4 d6 5.Be2 O-O 6.Nf3 e5 7.dxe5 dxe5 8.Qxd8 Rxd8
9.Nd5 Na6 10.Bg5 Rd6 11.Nxf6+ Bxf6 12.Bxf6 Rxf6 13.Nxe5 Re6 14.f4 Re8 15.Bf3 f6  1/2-1/2

[Event "Open"]
[Site "Senj CRO"]
[Date "2008.04.17"]
[Round "2"]
[White "Kukina,M"]
[Black "Savic,Miro"]
[Result "1-0"]
[WhiteElo "1969"]
[BlackElo "2314"]

1.d4 Nf6 2.Nf3 g6 3.c4 Bg7 4.Nc3 O-O 5.e4 d6 6.Be2 e5 7.Bg5 exd4 8.Nxd4 Nc6
9.Nxc6 bxc6 10.O-O Qe8 11.Qc2 Rb8 12.Rab1 Ng4 13.h3 Qe5 14.Bxg4 Bxg4 15.Be3 Be6
16.Qd3 Rb4 17.f4 Qa5 18.b3 f5 19.e5 dxe5 20.Bd2 e4 21.Qc2 Qc5+ 22.Kh1 Rd8
23.Na4 Rxa4 24.bxa4 e3 25.Bxe3 Qxe3 26.Rbe1 Qc5 27.Rxe6 Rd4 28.Qe2 Bf8 29.Re8 Rxc4
30.Qe6+ Kg7 31.Qe5+ Qxe5 32.fxe5 Kf7 33.Rc8 Be7 34.Rxc7 Rxa4 35.Rxc6 Rxa2
36.g4 Re2 37.gxf5 gxf5 38.Rxf5+ Kg7 39.e6 Bf6 40.Rd5 Kg6 41.Rd7 a5 42.Ra7 Kf5
43.Rxa5+ Ke4 44.e7 Re1+ 45.Kg2 Re2+ 46.Kf1  1-0

[Event "Mediana"]
[Site "Nis SRB"]
[Date "2008.04.18"]
[Round "9"]
[White "Trajkovic,P"]
[Black "Martinovic,Sl"]
[Result "1/2-1/2"]
[WhiteElo "2458"]
[BlackElo "2449"]

1.d4 Nf6 2.c4 g6 3.Nc3 Bg7 4.e4 d6 5.Nf3 O-O 6.Be2 e5 7.dxe5 dxe5 8.Qxd8 Rxd8
9.Bg5 Nbd7 10.O-O-O Rf8 11.Nd5 c6 12.Ne7+ Kh8 13.Be3 Re8 14.Nxc8 Raxc8 15.c5 Bf8
16.b4 b6 17.Ng5 Kg8 18.Bc4 Re7 19.cxb6 axb6 20.f3 b5 21.Bb3 c5 22.bxc5  1/2-1/2

[Event "4th Open"]
[Site "Rhone FRA"]
[Date "2008.04.18"]
[Round "9"]
[White "Gomez Jurado,L"]
[Black "Sellami,M"]
[Result "1-0"]
[WhiteElo "2293"]
[BlackElo "2168"]

1.d4 Nf6 2.Nf3 g6 3.c4 Bg7 4.Nc3 O-O 5.e4 d6 6.Be2 e5 7.d5 a5 8.Bg5 h6 9.Bh4 Na6
10.Nd2 Qe8 11.a3 Bd7 12.O-O a4 13.Kh1 Nh7 14.f3 h5 15.Qc2 Bh6 16.Bf2 b6 17.b4 axb3
18.Nxb3 Qe7 19.a4 Nc5 20.Nxc5 dxc5 21.a5 bxa5 22.Rfb1 Rfc8 23.Na4 Bxa4 24.Rxa4 h4
25.h3 Bf4 26.Rb5 Qg5 27.Qd1 Bd2 28.Bxh4 Qh6 29.Be7 Re8 30.Bxc5 Nf6 31.Bf1 Nh5
32.Bf2 f5 33.c5 fxe4 34.Rxe4 Bf4 35.d6 cxd6 36.cxd6 Qg5 37.g4 Nf6 38.Rc4 Qh6
39.Kg2 a4 40.Rxa4 Rxa4 41.Qxa4  1-0

[Event "Copenhagen Chess Challenge"]
[Site "Ballerup DEN"]
[Date "2008.04.19"]
[Round "6"]
[White "Hansen,LH"]
[Black "Bejtovic,J"]
[Result "1/2-1/2"]
[WhiteElo "2072"]
[BlackElo "2364"]

1.d4 Nf6 2.c4 g6 3.Nc3 Bg7 4.e4 O-O 5.Nf3 d6 6.Be2 e5 7.dxe5 dxe5 8.Qxd8 Rxd8
9.Bg5 Re8 10.Nd5 Nxd5 11.cxd5 c6 12.Bc4 cxd5 13.Bxd5 Nc6 14.O-O h6 15.Be3 Nb4
16.Bb3 Be6 17.Bxe6 Rxe6 18.Rfc1 Nc6 19.Rd1 Nd4 20.Nxd4 exd4 21.Bxd4 Rxe4
22.Bxg7 Kxg7 23.Rd7 Rae8 24.g3 R8e7 25.Rad1 Re2 26.Rxe7 Rxe7 27.Rd2  1/2-1/2

[Event "26th Metz Open"]
[Site "Metz St Symphorien FRA"]
[Date "2008.04.19"]
[Round "1"]
[White "Shchekachev,A"]
[Black "Basinski,R"]
[Result "1-0"]
[WhiteElo "2520"]
[BlackElo "1904"]

1.Nf3 Nf6 2.c4 g6 3.Nc3 Bg7 4.e4 d6 5.d4 O-O 6.Be2 e5 7.Be3 Nc6 8.d5 Ne7
9.Nd2 Nd7 10.b4 f5 11.f3 f4 12.Bf2 Nf6 13.c5 g5 14.Nc4 Rf7 15.cxd6 cxd6 16.Nb5 Ne8
17.Nxa7 Bd7 18.a4 Ng6 19.Nb5 Bf8 20.Nb6 Rb8 21.Rc1 Nf6 22.Nxd7 Rxd7 23.a5 g4
24.Bb6 Qe7 25.Nc7 Rdd8 26.Ne6 Rdc8 27.O-O gxf3 28.Bxf3 Qd7 29.Qd3 Be7 30.b5 Nf8
31.Rxc8 Qxc8 32.Nxf8 Kxf8 33.Bf2 Ra8 34.Ra1 Bd8 35.a6 Nd7 36.Bg4 Qc7 37.Bxd7 Qxd7
38.h3 Kf7 39.Kh2  1-0

[Event "26th Metz Open"]
[Site "Metz St Symphorien FRA"]
[Date "2008.04.21"]
[Round "3"]
[White "Sundararajan,K"]
[Black "Feller,S"]
[Result "0-1"]
[WhiteElo "2441"]
[BlackElo "2540"]

1.Nf3 Nf6 2.c4 g6 3.Nc3 Bg7 4.e4 d6 5.d4 O-O 6.Be2 e5 7.Be3 c6 8.d5 Ng4 9.Bd2 f5
10.O-O Na6 11.Bg5 Nf6 12.Nd2 h6 13.Bxf6 Qxf6 14.c5 Nxc5 15.b4 Nxe4 16.Ndxe4 fxe4
17.Bc4 Kh7 18.Nxe4 Qh4 19.Qe2 Bf5 20.Nxd6 Bg4 21.f3 e4 22.Qxe4 Bxa1 23.Rxa1 Qf6
24.Re1 Qxd6 25.Qxg4 Rae8 26.Re6 Rxe6 27.Qxe6 Qxe6 28.dxe6 Kg7 29.Kf2 Kf6
30.Ke3 a5 31.a3 axb4 32.axb4 Ra8 33.Kd4 Ra3 34.Kc5 Rc3 35.Kd4 Rc2  0-1

[Event "IX EICC"]
[Site "Plovdiv BUL"]
[Date "2008.04.21"]
[Round "1"]
[White "Petkov,V"]
[Black "Gajewski,G"]
[Result "1-0"]
[WhiteElo "2415"]
[BlackElo "2601"]

1.d4 Nf6 2.c4 g6 3.Nc3 Bg7 4.e4 d6 5.Nf3 O-O 6.Be2 e5 7.O-O exd4 8.Nxd4 Re8
9.f3 c6 10.Kh1 Nbd7 11.Be3 d5 12.cxd5 cxd5 13.Ndb5 Nb6 14.a4 Be6 15.e5 Nfd7
16.f4 f6 17.a5 Nc4 18.Nxd5 Nxe3 19.Nxe3 fxe5 20.f5 gxf5 21.Nxf5 Nf6 22.Qxd8 Raxd8
23.Nc7 Bxf5 24.Nxe8 Nxe8 25.Rxf5 Rd2 26.Rf2 Nd6 27.Rd1 Bh6 28.Rxd2 Bxd2 29.Rf6 Ne4
30.Bc4+ Kg7 31.Rf7+ Kh6 32.Bd3 Nc5 33.Bf5 Kh5 34.g3  1-0

[Event "IX EICC"]
[Site "Plovdiv BUL"]
[Date "2008.04.21"]
[Round "1"]
[White "Markus,Rob"]
[Black "Pavlidis,Ana"]
[Result "1-0"]
[WhiteElo "2557"]
[BlackElo "2280"]

1.d4 Nf6 2.c4 g6 3.Nc3 Bg7 4.e4 d6 5.Nf3 O-O 6.Be2 e5 7.Be3 Ng4 8.Bg5 f6
9.Bh4 g5 10.Bg3 Nh6 11.d5 f5 12.h3 f4 13.Bh2 Nf7 14.Nd2 c5 15.Bg4 Nd7 16.Qe2 Nf6
17.Bxc8 Qxc8 18.g4 h5 19.f3 h4 20.a3 Qd7 21.b4 b6 22.Qd3 Ne8 23.Ke2 Nc7 24.Rhb1 Rfb8
25.Bg1 Bf8 26.Rb2 Be7 27.Qb1 Nd8 28.bxc5 dxc5 29.a4 Na6 30.a5 Nb4 31.Na2 bxa5
32.Nc1 Nb7 33.Nd3 Bd6 34.Qd1 Nxd3 35.Kxd3 Bc7 36.Qa4 Qxa4 37.Rxa4 Kf7 38.Nb3 Bb6
39.Bf2 Ke7 40.Kc2 Kd6 41.Be1 Bc7 42.Ra1 Bd8 43.Bc3 Bc7 44.Nc1 Nd8 45.Rxb8 Rxb8
46.Nd3 Nf7 47.Bxa5 Bb6 48.Bxb6 axb6 49.Ra7 Nd8 50.Rg7 Ra8 51.Rg6+ Kc7 52.Nxe5 Ra2+
53.Kb3 Rh2 54.d6+ Kc8 55.Rg8 Rxh3 56.Nf7 Rxf3+ 57.Ka4 Rd3 58.Rxd8+ Kb7 59.Ne5 Rd4
60.d7 f3  1-0

[Event "IX EICC"]
[Site "Plovdiv BUL"]
[Date "2008.04.22"]
[Round "2"]
[White "Smirnov,Arte"]
[Black "Kozul,Z"]
[Result "0-1"]
[WhiteElo "2438"]
[BlackElo "2583"]

1.d4 Nf6 2.c4 g6 3.Nc3 Bg7 4.e4 d6 5.Nf3 O-O 6.Be2 e5 7.O-O Nbd7 8.Be3 Re8
9.Qc2 Ng4 10.Bg5 Bf6 11.Bxf6 Ngxf6 12.Rad1 c6 13.Rfe1 Qc7 14.b4 b6 15.d5 c5
16.a3 cxb4 17.axb4 a5 18.Rb1 axb4 19.Rxb4 Nc5 20.Nd2 Bd7 21.Reb1 Ra6 22.g3 h5
23.h4 Qa7 24.Kg2 Rb8 25.f3 Ra3 26.Nb5 Bxb5 27.cxb5 Qc7 28.Nc4 Ra7 29.Ne3 Rba8
30.Qd2 Qd8 31.Rc4 Ra3 32.Nc2 Ra2 33.Qd1 Nfd7 34.Nb4 R2a3 35.Nc2 R3a5 36.Nb4 Qf8
37.Rc3 Kh7 38.Nc6 Ra3 39.Qd2 Qh6 40.Qxh6+ Kxh6 41.Rc4 Re3 42.Re1 Kg7  0-1

[Event "IX EICC"]
[Site "Plovdiv BUL"]
[Date "2008.04.23"]
[Round "3"]
[White "Delchev,A"]
[Black "Tratar,M"]
[Result "1/2-1/2"]
[WhiteElo "2639"]
[BlackElo "2477"]

1.d4 Nf6 2.Nf3 g6 3.c4 Bg7 4.Nc3 O-O 5.e4 d6 6.Be2 e5 7.Be3 c6 8.O-O Na6
9.Re1 Ng4 10.Bg5 Bf6 11.Bxf6 Qxf6 12.Qd2 exd4 13.Qxd4 Rd8 14.Rad1 Be6 15.Qxf6 Nxf6
16.Nd4 Nc5 17.f3 a5 18.Rd2 Kf8 19.Red1 Ke7 20.b3 h5 21.h4 Ne8 22.Re1 Ng7
23.Bd1 Re8 24.Bc2 Rad8 25.Kf2 Bc8 26.a3 Nd7 27.Na4 Ne5 28.Red1 Ne6 29.Ne2 Nc7
30.Nb6 Be6 31.Nf4 Na6 32.Kg3 Rg8 33.Ne2 Nc5 34.Nd4 Ncd7 35.Na4 Nf6 36.Kf4 Bc8
37.Ne2 Ne8 38.c5 f6 39.Ke3 Be6 40.Nf4 Bf7 41.Nb6 Nd7 42.Nxd7 Rxd7 43.b4 axb4
44.axb4 g5 45.hxg5 Rxg5 46.Ba4 h4 47.Kf2 Be6 48.Nxe6 Kxe6 49.Kg1 Re5 50.Bc2 b6
51.f4 Rh5 52.Ba4 b5 53.Bb3+ Ke7 54.Kh2 f5 55.Re2 dxc5 56.exf5+ Kd8 57.Rxd7+ Kxd7
58.bxc5 Nc7 59.Re5 Nd5 60.Bxd5 cxd5 61.Rxd5+ Kc6 62.Re5 b4 63.Kh3 Rh8 64.f6 b3
65.Re3 Rb8 66.f7 b2 67.Re1 Rf8 68.Rb1 Rxf7 69.Rxb2 Rxf4 70.Rb6+ Kxc5 71.Rh6 Kd5
72.Rxh4 Rf1 73.Kg4 Ke6 74.Kg5 Rf5+ 75.Kg6 Rf6+ 76.Kg7 Rf7+ 77.Kg8 Rf2 78.Rg4 Kf5
79.Rg7 Rf4  1/2-1/2

[Event "IX EICC"]
[Site "Plovdiv BUL"]
[Date "2008.04.24"]
[Round "4"]
[White "Huzman,A"]
[Black "Janev,E"]
[Result "1/2-1/2"]
[WhiteElo "2602"]
[BlackElo "2472"]

1.d4 d6 2.Nf3 Nf6 3.c4 g6 4.Nc3 Bg7 5.e4 O-O 6.Be2 e5 7.O-O exd4 8.Nxd4 Re8
9.f3 c6 10.Kh1 Nbd7 11.Bg5 a5 12.b3 Nc5 13.Qd2 Qb6 14.Nc2 Be6 15.Be3 Qc7
16.Nd4 Rad8 17.Rac1 Nfd7 18.Rfd1 h5 19.Bg5 Ra8 20.Bf1 Qb6 21.Nc2 Be5 22.Be3 Qd8
23.Nd4 Qe7 24.Re1 Bg7 25.Rcd1 Qf8 26.Qc2 Bh6 27.Qd2 Bxe3 28.Qxe3 Rad8 29.Qd2 Ne5
30.h3 Bc8 31.a3 Qe7 32.f4 Ned7 33.b4 axb4 34.axb4 Nf8 35.Ndb5 cxb5 36.bxc5 dxc5
37.Nd5 Qh4 38.Qe3 Rd6 39.Qxc5 Rde6 40.e5 bxc4 41.Qxc4 Bd7 42.Kh2 Bc6 43.Nc7 Bxg2
44.Bxg2 Rc8 45.Bxb7 Rb6 46.Bg2 Ne6 47.Qe4 Rxc7 48.f5 Qxe4 49.Bxe4 Rb2+ 50.Kh1 gxf5  1/2-1/2

[Event "IX EICC"]
[Site "Plovdiv BUL"]
[Date "2008.04.24"]
[Round "4"]
[White "Filip,L"]
[Black "Nikolaidis,K"]
[Result "1-0"]
[WhiteElo "2459"]
[BlackElo "2299"]

1.Nf3 Nf6 2.c4 g6 3.Nc3 Bg7 4.e4 d6 5.d4 O-O 6.Be2 e5 7.Be3 h6 8.O-O Qe7
9.dxe5 dxe5 10.h3 b6 11.Qc2 Bb7 12.Rfd1 Nbd7 13.Nd5 Nxd5 14.cxd5 Rac8 15.Rac1 f5
16.Bd3 f4 17.Bd2 c5 18.Qa4 Ra8 19.b4 Qd6 20.Bb5 Nf6 21.bxc5 bxc5 22.Bc3 Nh7
23.Qa3 a6 24.Be2 Rfe8 25.Nd2 Ng5 26.f3 Bc8 27.Bf1 Bd7 28.Nc4 Qf6 29.Be1 Bf8
30.Kh1 Nf7 31.Bf2 Rac8 32.Nb2 Bb5 33.Bxb5 axb5 34.Bxc5 Ra8 35.Qb3 Qa6 36.Nd3 Qxa2
37.Qxb5 Ng5 38.Qc4 Qe2 39.Re1 Qd2 40.d6+ Kg7 41.Bb4 Qa2 42.d7 Red8 43.Bxf8+ Rxf8
44.Qxa2 Rxa2 45.Nxe5 Nf7 46.Red1 Raa8 47.Rc7 Nd8 48.Rc8 Nb7 49.d8=Q Rxd8
50.Rdxd8 Ra1+ 51.Kh2 Nxd8 52.Rxd8  1-0

[Event "IX EICC"]
[Site "Plovdiv BUL"]
[Date "2008.04.25"]
[Round "5"]
[White "Mchedlishvili,M"]
[Black "Bojkov,D"]
[Result "1-0"]
[WhiteElo "2635"]
[BlackElo "2492"]

1.d4 Nf6 2.c4 g6 3.Nc3 Bg7 4.e4 d6 5.Nf3 O-O 6.Be2 Na6 7.O-O e5 8.Re1 c6
9.Be3 exd4 10.Nxd4 Re8 11.Bf3 Nc5 12.Qc2 Ng4 13.Bxg4 Bxg4 14.b3 a5 15.f3 Bd7
16.Rad1 Qc7 17.Qd2 Be5 18.Nde2 Rad8 19.Bg5 Ra8 20.Be3 Rad8 21.Ng3 Bc8 22.Bf2 b6
23.f4 Bg7 24.Bd4 Bh6 25.Bf6 Rd7 26.Qf2 Re6 27.Bd4 Re8 28.f5 Qd8 29.f6 Rb7
30.Nf5 Bxf5 31.exf5 Rxe1+ 32.Rxe1 Nd3 33.Qh4 Qf8 34.Re7 Rb8 35.fxg6 fxg6
36.Be3 Qxe7 37.fxe7 Bxe3+ 38.Kf1 Nc5 39.Ne4  1-0

[Event "IX EICC"]
[Site "Plovdiv BUL"]
[Date "2008.04.25"]
[Round "5"]
[White "Sanikidze,T"]
[Black "Kozul,Z"]
[Result "1-0"]
[WhiteElo "2458"]
[BlackElo "2583"]

1.d4 Nf6 2.c4 g6 3.Nc3 Bg7 4.e4 d6 5.Nf3 O-O 6.Be2 Nbd7 7.O-O e5 8.Re1 h6
9.Bf1 Nh7 10.Be3 Ng5 11.Nxg5 hxg5 12.Qd2 exd4 13.Bxd4 g4 14.Rad1 Ne5 15.c5 Be6
16.cxd6 c6 17.Be3 Qh4 18.Bf4 Qh5 19.Qe3 Rfd8 20.b3 f6 21.Na4 b6 22.Nb2 Bf8
23.Bc4 Nxc4 24.Nxc4 Rd7 25.Qc3 Kf7 26.Rd2 Rad8 27.Red1 Bg7 28.Ne3 c5 29.Nd5 Rh8
30.Nc7 g5 31.Bg3 f5 32.e5 Qh6 33.Nxe6 Qxe6 34.f4 gxf3 35.Qxf3 f4 36.Be1 Re8
37.Bf2 Bxe5 38.Rd5 Qf6 39.Qe4  1-0

[Event "26th Liechtenstein Open"]
[Site "Triesen LIE"]
[Date "2008.04.25"]
[Round "1"]
[White "Neubauer,M"]
[Black "Nusch,P"]
[Result "1-0"]
[WhiteElo "2446"]
[BlackElo "1996"]

1.d4 Nf6 2.Nf3 d6 3.c4 g6 4.Nc3 Bg7 5.e4 O-O 6.Be2 Nbd7 7.O-O e5 8.Qc2 Re8
9.d5 a6 10.Ne1 c5 11.a3 Nf8 12.b4 N6d7 13.Rb1 Qe7 14.Be3 f5 15.f3 f4 16.Bf2 b6
17.Nd3 g5 18.Na4 Kh8 19.Rfd1 Ng6 20.Nxb6 Nxb6 21.bxc5 Nd7 22.cxd6 Qxd6 23.c5 Qf6
24.d6 Ndf8 25.Nb4 Rd8 26.Nd5 Qf7 27.Nb6 Rb8 28.c6 Ne6 29.c7 Nxc7 30.dxc7 Rxd1+
31.Rxd1 Rxb6 32.Bxb6 Nf8 33.Rd8 Qe6 34.Bc5  1-0

[Event "XXI Open"]
[Site "Benidorm ESP"]
[Date "2008.04.26"]
[Round "2"]
[White "Minaya,J"]
[Black "Avrukh,B"]
[Result "0-1"]
[WhiteElo "2276"]
[BlackElo "2632"]

1.Nf3 Nf6 2.c4 g6 3.Nc3 Bg7 4.e4 d6 5.d4 O-O 6.Be2 e5 7.d5 a5 8.Nd2 Na6 9.h4 Nc5
10.g4 c6 11.g5 Nh5 12.Bxh5 Nd3+ 13.Kf1 gxh5 14.Qxh5 f5 15.Qd1 cxd5 16.Nxd5 Be6
17.Qc2 Nc5 18.Ne3 Qd7 19.Kg2 fxe4 20.Nxe4 Nxe4 21.Qxe4 Rf4 22.Qc2 Bxc4 23.Bd2 Raf8
24.Be1 Rg4+ 25.Kh2 Rxh4+ 26.Kg1 Rxh1+ 27.Kxh1 Qh3+ 28.Kg1 Rf4 29.Rc1 b5 30.b3 Rh4
31.Ra1 Bf8  0-1

[Event "26th Metz Open"]
[Site "Metz St Symphorien FRA"]
[Date "2008.04.26"]
[Round "8"]
[White "Saatdjian,T"]
[Black "Chizelle,B"]
[Result "1-0"]
[WhiteElo "2311"]
[BlackElo "1971"]

1.Nf3 Nf6 2.c4 d6 3.d4 g6 4.Nc3 Bg7 5.e4 O-O 6.Be2 e5 7.Be3 exd4 8.Nxd4 Nc6
9.O-O Bd7 10.f3 Kh8 11.Qd2 Ng8 12.Rad1 a6 13.Kh1 h6 14.Nd5 Nce7 15.Nb3 b6
16.f4 Bc6 17.f5 f6 18.Nd4 Bd7  1-0

[Event "IX EICC"]
[Site "Plovdiv BUL"]
[Date "2008.04.26"]
[Round "6"]
[White "Smirnov,Arte"]
[Black "Markus,Rob"]
[Result "0-1"]
[WhiteElo "2438"]
[BlackElo "2557"]

1.d4 Nf6 2.c4 g6 3.Nc3 Bg7 4.e4 d6 5.Nf3 O-O 6.Be2 e5 7.O-O c6 8.d5 Na6 9.Be3 Ng4
10.Bg5 f6 11.Bh4 c5 12.Ne1 Nh6 13.Nd3 Qe7 14.f3 Nf7 15.Rb1 Bh6 16.Bf2 f5
17.b4 b6 18.bxc5 Nxc5 19.Nxc5 bxc5 20.Qa4 Bd2 21.Nb5 Bd7 22.Qc2 Ba5 23.exf5 gxf5
24.Bd3 Qf6 25.Be1 Bxe1 26.Rfxe1 a6 27.Nc3 Rab8 28.Ne2 Nh6 29.Rxb8 Rxb8 30.Rb1 Rxb1+
31.Qxb1 Kf7 32.Bc2 Qh4 33.Bb3 a5 34.g3 Qh5 35.Qd3 Ke7 36.Bd1 Qg5 37.Kg2 Nf7
38.Qc3 a4 39.a3 f4 40.Qd2 Qh6 41.Ng1 Qf6 42.Bc2 h5 43.Qd3 fxg3 44.hxg3 Qg5
45.Nh3 Qh6 46.Nf2 h4 47.gxh4 Qxh4 48.Qe4 Qg5+ 49.Ng4 Qd2+ 50.Nf2 Qg5+ 51.Ng4 Qc1
52.Qh7 Qd2+ 53.Nf2 Qg5+ 54.Kf1 Qf4 55.Be4 Kd8 56.Qg8+ Ke7 57.Kg2 Ng5 58.Qg7+ Kd8
59.Qh8+ Kc7 60.Qa8 Qd2 61.Qa7+ Kd8 62.Qb8+ Ke7 63.Kg3 Qc1 64.Kg2 Qxa3 65.Qb7 Qe3
66.Qa7 Qf4 67.Qa8 Qc1 68.Qa7 Qxc4 69.Bf5 Qb5 70.Ng4 Qe2+  0-1

[Event "IX EICC"]
[Site "Plovdiv BUL"]
[Date "2008.04.26"]
[Round "6"]
[White "Filip,L"]
[Black "Lopez Martinez,Josep"]
[Result "1/2-1/2"]
[WhiteElo "2459"]
[BlackElo "2576"]

1.Nf3 Nf6 2.c4 g6 3.Nc3 Bg7 4.e4 d6 5.d4 O-O 6.Be2 e5 7.Be3 Nbd7 8.O-O Re8
9.d5 Nh5 10.g3 Bf8 11.Ne1 Ng7 12.Qd2 Be7 13.Nd3 f5 14.f3 Nf6 15.Kg2 Rf8 16.Rae1 Bd7
17.Bh6 Rf7 18.Bd1 Qc8 19.Rf2 fxe4 20.fxe4 Bh3+ 21.Kg1 Qd7 22.Ba4 Qd8 23.Bd1 Ngh5
24.Be3 a6 25.a3 Qf8 26.Bh6 Qe8 27.Ba4 Qc8 28.Bd1 Ng4 29.Rxf7 Kxf7 30.Nf2 Nxf2
31.Qxf2+ Nf6 32.Bg5 Kg7 33.Qd2 Qd7 34.Bf3 Ng4 35.Bxe7 Qxe7 36.Bg2 Bxg2 37.Kxg2 h5
38.h3 Nh6 39.Rf1 h4 40.g4 Nf7 41.Ne2 Ng5 42.Qe3 c6 43.Nc3 Rc8 44.Qf2 c5 45.Qe3 Rb8
46.a4 Nh7 47.Qd2 Qg5 48.Qd3 Qd8 49.Qf3 Qe7 50.Qe3 Qg5 51.Qd3 Nf6 52.Kh1 Rf8
53.Kh2 Rf7 54.Kh1 Kf8 55.Kh2 Ke8 56.Kh1 Kd8 57.Ne2 Ke8 58.Nc3 Nd7 59.Rxf7 Kxf7
60.Ne2 Ke7 61.Kg2 Kd8 62.Kh2 Kc7 63.Kh1 Nf6 64.Kh2 Kb6 65.Qb3+ Ka7 66.Qd3 Nh7
67.Kg2 Qd8 68.Qd2 Qb6 69.Qh6 Qxb2 70.Kf2 Qb3 71.Qxh4 Qxc4 72.Qxh7 Qxe4 73.Qc7 Qxd5
74.a5 Qd3 75.h4 e4 76.h5 Qf3+ 77.Ke1 Qf6 78.Kd2 gxh5 79.gxh5 Qg5+ 80.Kc2 Qxh5
81.Qb6+ Ka8 82.Qd8+ Ka7 83.Qb6+ Ka8 84.Qd8+ Ka7 85.Qb6+  1/2-1/2

[Event "ch-NED U21"]
[Site "Venlo NED"]
[Date "2008.04.26"]
[Round "2"]
[White "Bitalzadeh,A"]
[Black "Kleijn,C"]
[Result "1/2-1/2"]
[WhiteElo "2323"]
[BlackElo "2198"]

1.d4 Nf6 2.c4 g6 3.Nc3 Bg7 4.e4 d6 5.Nf3 O-O 6.Be2 e5 7.O-O Na6 8.Be3 c6
9.d5 Ng4 10.Bg5 f6 11.Bh4 c5 12.Nd2 h5 13.h3 Nh6 14.g4 hxg4 15.hxg4 Nf7 16.Kg2 Bh6
17.Rh1 Kg7 18.a3 b6 19.f3 Rh8 20.Bd3 Bd7 21.Qe2 Qe7 22.Rag1 Bf4 23.Nf1 Rh6
24.Bg3 Rah8 25.Rxh6 Rxh6 26.Rh1 Rxh1 27.Kxh1 Qe8 28.Qh2 Bxg3 29.Nxg3 Ng5
30.Kg2 Nc7 31.Nf1 b5 32.f4 exf4 33.Qxf4 Nf7 34.Ne3 Qe5 35.Qxe5 Nxe5 36.Be2 bxc4
37.Kg3 Nb5 38.Nxc4 Nxc3 39.bxc3 Nxc4 40.Bxc4  1/2-1/2

[Event "TCh-HUN 2007-8"]
[Site "Budapest HUN"]
[Date "2008.04.27"]
[Round "10"]
[White "Kovacs,Ga2"]
[Black "Ilincic,Z"]
[Result "1-0"]
[WhiteElo "2499"]
[BlackElo "2545"]

1.d4 Nf6 2.c4 g6 3.Nc3 Bg7 4.e4 d6 5.Nf3 O-O 6.Be2 e5 7.O-O Nh5 8.g3 Bh3
9.Re1 exd4 10.Nxd4 Nf6 11.Bg5 h6 12.Be3 Nbd7 13.f3 a6 14.Qd2 h5 15.Rad1 Qb8
16.Nc2 Re8 17.Nb4 Ne5 18.Nbd5 Nxd5 19.Nxd5 Be6 20.Bg5 Bxd5 21.cxd5 Qc8 22.Bh6 Bh8
23.Rc1 Re7 24.Bg5 f6 25.Be3 Qd7 26.Bd4 Nf7 27.Qc3 Rf8 28.Bf1 h4 29.f4 Nh6
30.Bg2 Rh7 31.gxh4 Rff7 32.Qg3 Kf8 33.b3 c5 34.dxc6 bxc6 35.Red1 Qc7 36.Qxg6 Rfg7
37.Qxf6+ Nf7 38.Qe6 Rg8 39.e5 Rh6 40.exd6 Bxd4+ 41.Rxd4 Qb6 42.Qe7+ Kg7 43.Qe3 Rxd6
44.Re4 Qd8 45.f5 Kh7 46.Re7 Rg7 47.f6 Rxf6 48.Qe4+ Kh6 49.Qe3+ Kh7 50.Qe4+ Kh6
51.Re6 Rxe6 52.Qxe6+ Rg6 53.Qe3+ Kg7 54.h5 Rd6 55.Qg3+ Kf8 56.Rf1 Rd1 57.Qf4 Rxf1+
58.Bxf1 Kg7 59.Qg4+ Kh8 60.Bc4 Ne5 61.Qe4 Qg5+ 62.Kh1 a5 63.Be2 Qc1+ 64.Kg2 Qb2
65.Kg3 Kg7 66.Kf4 Nf7 67.Ke3 Qc1+ 68.Kf2 Qc5+ 69.Kg2 Ng5 70.Qg6+ Kf8 71.Qf6+ Ke8
72.Bc4 Qe3 73.Qxc6+ Ke7 74.Qc7+ Ke8 75.Bb5+ Kf8 76.Qd6+ Kg7 77.h6+ Kf7 78.Bc4+ Ke8
79.Qd3 Qf4 80.h7 Qg4+ 81.Kh1 Qh4 82.Qe3+ Kf8 83.h8=Q+  1-0

[Event "26th Metz Open"]
[Site "Metz St Symphorien FRA"]
[Date "2008.04.27"]
[Round "9"]
[White "Sundararajan,K"]
[Black "Djuric,S"]
[Result "0-1"]
[WhiteElo "2441"]
[BlackElo "2460"]

1.d4 Nf6 2.c4 g6 3.Nc3 Bg7 4.e4 O-O 5.Nf3 d6 6.Be2 e5 7.Be3 Nbd7 8.O-O Qe7
9.dxe5 Nxe5 10.Nd5 Qd8 11.Qc2 Nfg4 12.Bg5 f6 13.Bd2 c6 14.Ne3 Nxe3 15.Bxe3 c5
16.Rad1 b6 17.Rd5 Rf7 18.Rfd1 Bf8 19.R5d2 Qc7  0-1

[Event "XXI Open"]
[Site "Benidorm ESP"]
[Date "2008.04.30"]
[Round "6"]
[White "Burmakin,V"]
[Black "Arizmendi Martinez,J"]
[Result "1-0"]
[WhiteElo "2615"]
[BlackElo "2516"]

1.d4 Nf6 2.c4 g6 3.Nc3 Bg7 4.e4 d6 5.Nf3 O-O 6.Be2 Na6 7.O-O e5 8.Re1 c6
9.Bf1 Bg4 10.d5 cxd5 11.cxd5 Ne8 12.h3 Bd7 13.Bd2 h6 14.a3 f5 15.exf5 gxf5
16.b4 Nac7 17.Qb3 Nf6 18.Rac1 Be8 19.Nh4 Qd7 20.Qc2 e4 21.f3 Ncxd5 22.Nxd5 Nxd5
23.fxe4 Ne7 24.Bc4+ Bf7 25.exf5 Rac8 26.Qd3 Rxc4 27.Rxc4 Bxc4 28.Qxc4+ d5
29.Qg4 Nxf5 30.Bxh6 Rf7 31.Nxf5 Qxf5 32.Qg3 Kh7 33.Bxg7 Rxg7 34.Qh4+ Kg8
35.Re8+ Kf7 36.Re7+ Kf8 37.Rxg7 Qb1+ 38.Kh2 Kxg7 39.Qg5+ Kh8 40.Qh5+ Kg7
41.Qxd5  1-0

[Event "IX EICC"]
[Site "Plovdiv BUL"]
[Date "2008.04.30"]
[Round "9"]
[White "Bogdanovski,V"]
[Black "Tratar,M"]
[Result "0-1"]
[WhiteElo "2391"]
[BlackElo "2477"]

1.d4 d6 2.Nf3 Nf6 3.c4 g6 4.Nc3 Bg7 5.e4 O-O 6.Be2 e5 7.O-O Na6 8.Re1 c6
9.Be3 Ng4 10.Bg5 Bf6 11.Bxf6 Qxf6 12.h3 exd4 13.Qxd4 Ne5 14.Rad1 Bxh3 15.Qxd6 Nxf3+
16.Bxf3 Qxd6 17.Rxd6 Be6 18.Be2 Rfd8 19.Red1 Rxd6 20.Rxd6 Kf8 21.e5 Nc5 22.f4 Ke7
23.Rd1 a5 24.Kf2 f6 25.exf6+ Kxf6 26.g4 h5 27.gxh5 gxh5 28.Rh1 Bf7 29.b3 Rh8
30.Rh4 Bg6 31.Ke3 Re8+ 32.Kd2 Rd8+ 33.Ke3 Re8+ 34.Kd2 Ne6 35.Kc1 Nd4 36.Bd1 Re3
37.Kb2 Nf5 38.Rh2 Ng3 39.Rh3 Bf5 40.Rh4 Kg6 41.c5 Kh6 42.Rh2 Re1 43.Rg2 h4
44.Rh2 Rh1 45.Rxh1 Nxh1 46.Bf3 Nf2 47.Kc1 Bg4 48.Bxg4 Nxg4 49.Kd2 Nf6 50.Ke2 Kg6
51.Kf3 Kf5 52.Ne2 Ke6 53.Nc3 Nd5 54.Ne4 Nb4 55.Nd6 b5 56.a4 bxa4 57.bxa4 Nc2
58.Nb7 Nd4+ 59.Kg4 Nb3 60.Kxh4 Kf5 61.Kg3 Nd4 62.Nxa5 Ne2+ 63.Kf3 Nxf4  0-1

[Event "IX EICC"]
[Site "Plovdiv BUL"]
[Date "2008.05.01"]
[Round "10"]
[White "Bratanov,Z"]
[Black "Markus,Rob"]
[Result "1-0"]
[WhiteElo "2440"]
[BlackElo "2557"]

1.Nf3 Nf6 2.c4 g6 3.d4 Bg7 4.Nc3 O-O 5.e4 d6 6.Be2 e5 7.O-O Na6 8.Re1 c6
9.Bf1 Bg4 10.d5 c5 11.a3 Kh8 12.Bg5 Qb8 13.h3 Bxf3 14.Qxf3 Ng8 15.h4 f5 16.h5 Bh6
17.Bxh6 Nxh6 18.hxg6 hxg6 19.exf5 Kg7 20.Bd3 Qd8 21.Ne4 Nxf5 22.Qg4 Qe8 23.f4 Nc7
24.Nxd6 Nxd6 25.Rxe5 Qf7 26.Rg5 Rfd8 27.Rxg6+ Kf8 28.Qh4 Nde8 29.Re1  1-0

[Event "ch-UZB"]
[Site "Tashkent UZB"]
[Date "2008.05.01"]
[Round "8"]
[White "Gubaydulin,T"]
[Black "Safin,S"]
[Result "0-1"]
[WhiteElo "2213"]
[BlackElo "2481"]

1.d4 Nf6 2.c4 g6 3.Nc3 Bg7 4.e4 d6 5.Be2 O-O 6.Nf3 e5 7.O-O Nbd7 8.Be3 Re8
9.d5 Nh5 10.g3 Bf8 11.Ne1 Ng7 12.Nd3 f5 13.f3 Be7 14.Qd2 Rf8 15.Rac1 Nf6
16.c5 fxe4 17.fxe4 Bh3 18.Rfe1 Ng4 19.Bxg4 Bxg4 20.Nf2 Bc8 21.Nb5 Ne8 22.cxd6 cxd6
23.Nxa7 Bd7 24.Qb4 Bg5 25.Bxg5 Qxg5 26.Nb5 Rxa2 27.Na3 Rf3 28.Rcd1 Qh6 29.Nd3 Nf6
30.Qd2 Qh5 31.Rf1 Bh3 32.Rb1 Qg4 33.Qe2 Nxe4 34.Qxe4 Rxf1+ 35.Rxf1 Qxe4  0-1

[Event "26th Liechtenstein Open"]
[Site "Triesen LIE"]
[Date "2008.05.01"]
[Round "7"]
[White "Bezler,R"]
[Black "Maurer,F"]
[Result "0-1"]
[WhiteElo "2272"]
[BlackElo "2050"]

1.d4 Nf6 2.c4 g6 3.Nc3 Bg7 4.e4 d6 5.Nf3 O-O 6.Be2 e5 7.O-O Na6 8.Re1 c6
9.d5 Nc5 10.Bf1 a5 11.Bg5 h6 12.Bc1 Ne8 13.Na4 Nxa4 14.Qxa4 cxd5 15.cxd5 Nc7
16.Be3 Bd7 17.Qa3 Bb5 18.Bb6 Bxf1 19.Rxf1 Qd7 20.Rfc1 Ne8 21.Rc4 f5 22.Nd2 h5
23.Rac1 Bh6 24.Be3 f4 25.Bb6 f3 26.Nxf3 Bxc1 27.Rxc1 Nf6 28.Ng5 Rfc8 29.Re1 Ra6
30.Qb3 a4 31.Qb4 Rc2 32.h3 a3 33.bxa3 Ne8 34.f4 Qa4 35.Qb1 Qc4 36.Bf2 b5
37.fxe5 Rxa3 38.exd6 Nxd6 39.e5 Nf5 40.e6 Rxf2 41.e7 Rxg2+ 42.Kxg2 Rxa2+
43.Kf3 Qc3+ 44.Kf4 Ra4+ 45.Ne4 Qg3+  0-1